El retorno del profeta / (Registro nro. 7672)

000 -CABECERA
campo de control de longitud fija 00746nam a22002531a 4500
001 - NÚMERO DE CONTROL
campo de control 000061317
005 - FECHA Y HORA DE LA ÚLTIMA TRANSACCIÓN
campo de control 20200120223953.0
008 - DATOS DE LONGITUD FIJA--INFORMACIÓN GENERAL
campo de control de longitud fija 130212s2013 ck a er 001 p spa
020 ## - NÚMERO INTERNACIONAL ESTÁNDAR DEL LIBRO
Número Internacional Estándar del Libro 9789584237248
020 ## - NÚMERO INTERNACIONAL ESTÁNDAR DEL LIBRO
Número Internacional Estándar del Libro 9584237241
041 1# - CÓDIGO DE LENGUA
Código de lengua del texto/banda sonora o título independiente Dspa
090 ## - LOCALMENTE ASIGNADO TIPO-LC NÚMERO DE CLASIFICACIÓN (OCLC); NÚMERO DE CLASIFICACIÓN LOCAL (RLIN)
Número de clasificación (OCLC) (R) ; Numero de clasificación, CALL (RLIN) (NR) AP
Número cutter local (OCLC) ; Número de libro/Signatura topográfica íntegra, CALL (RLIN) GIB
100 1# - ENTRADA PRINCIPAL--NOMBRE DE PERSONA
Nombre de persona Gibran, Hajjar
Fechas asociadas al nombre 1950-
245 13 - MENCIÓN DE TÍTULO
Título El retorno del profeta /
Mención de responsabilidad, etc. Hajjar Gibran ; traducción de Mercé Bolló Puerta.
250 ## - MENCIÓN DE EDICIÓN
Mención de edición 1a. ed.
260 ## - PUBLICACIÓN, DISTRIBUCIÓN, ETC.
Lugar de publicación, distribución, etc. Bogotá :
Nombre del editor, distribuidor, etc. Ediciones Ceac,
Fecha de publicación, distribución, etc. 2013.
300 ## - DESCRIPCIÓN FÍSICA
Extensión 127 p. :
Otras características físicas il. ;
Dimensiones 21 cm.
500 ## - NOTA GENERAL
Nota general Incluye índice
650 0# - PUNTO DE ACCESO ADICIONAL DE MATERIA--TÉRMINO DE MATERIA
Término de materia o nombre geográfico como elemento de entrada Literatura estadounidense
Subdivisión cronológica Siglo XX-XXI
650 17 - PUNTO DE ACCESO ADICIONAL DE MATERIA--TÉRMINO DE MATERIA
Término de materia o nombre geográfico como elemento de entrada Poesía adulto
650 27 - PUNTO DE ACCESO ADICIONAL DE MATERIA--TÉRMINO DE MATERIA
Término de materia o nombre geográfico como elemento de entrada Literatura adulto
650 27 - PUNTO DE ACCESO ADICIONAL DE MATERIA--TÉRMINO DE MATERIA
Término de materia o nombre geográfico como elemento de entrada Amor en la literatura
700 1# - PUNTO DE ACCESO ADICIONAL--NOMBRE DE PERSONA
Nombre de persona Bolló Puerta, Mercé
Término indicativo de función/relación traductor
Existencias
Estado de retiro Estado de pérdida Fuente del sistema de clasificación o colocación Estado dañado No para préstamo Código de colección Localización permanente Ubicación/localización actual Fecha de adquisición Número de inventario Total de préstamos Signatura topográfica completa Código de barras Fecha visto por última vez Número de copia Precio válido a partir de Tipo de ítem Koha Nota pública
          Literatura Adulto Biblioteca Pública San Juan Bosco Biblioteca Pública San Juan Bosco 20/01/2020 99514   AP GIB MOS012898 05/01/2021 ej.1 20/01/2020 Libro Literatura Quince días
          Literatura Adulto Biblioteca Pública San Juan Bosco Biblioteca Pública San Juan Bosco 20/01/2020 99513   AP GIB MOS014652 05/01/2021 ej.2 20/01/2020 Libro Literatura Quince días

© Todos los derechos reservados para la Biblioteca Pública Municipal San Juan Bosco, 2020
Secretaria de Cultura de Mosquera
Carrera 3 N° 10 Esquina Centro Cultural Barrio El Carmén Teléfono: 8270830 Ext: 34
Funcionando con KOHA
Contacto: Biblioteca Pública Municipal San Juan Bosco/ bibliotecasanjuanbosco@mosquera-cundinamarca.gov.co
Mosquera, Cundinamarca